Christmas Holiday Season Quiz - Statistics

General Stats
  • This quiz has been taken 61 times
    50 since last reset
  • The average score is 5 of 10
Answer Stats
Date Name % Correct
25th December Christmas Day
98%
24th December Christmas Eve
93%
31st December New Year's Eve
93%
1st January New Year's Day
88%
26th December Boxing Day
70%
1st December Start of Advent Calendar
42%
6th January Epiphany
21%
6th December St Nicholas' Day
7%
5th December Krampusnacht:
0%
13th December Saint Lucy's Day
0%
No matching quizzes found
Score Distribution
Percent of People with Each Score
Percentile by Number Answered
Your Score History
You have not taken this quiz since the last reset